000 00992nam a22002417a 4500
005 20240305165539.0
007 cr|||| ||||
008 191023c20189999us fr|w s|||| 0|||b1eng d
022 _a1936-699X
035 _a22455
040 _avLex
090 _c9944
_d9944
245 0 0 _aInternational Journal of Business, Accounting and Finance (IJBAF)
_h[Recurso electrónico] /
256 _aServicio en línea
260 _aLos Ángeles:
_bInternational Academy of Business and Public Administration Disciplines,
_c2018 -
300 _a1 recurso electrónico
310 _aBianual
506 1 _aDisponible solo en los productos indicados
_dvLex Global
_dvLex Global (Academic Edition, excluding Law Schools)
_dvLex Global (Academic Edition, Law Schools)
650 0 4 _aEconomía y negocios
_zEstados Unidos
740 0 _avLex Revistas (Servicio en línea)
856 4 0 _uhttps://app.vlex.com/#/sources/international-journal-of-business-accounting-and-finance-ijbaf-22455
942 _cRAA
999 _c168181
_d168181